000 01217naa a22003017a 4500
001 BR9400411
003 BR-BrBNA
005 20240918180928.0
007 ta
008 230509b bl.||||| |||| 00| 0 por d
040 _aBR-BrBNA
_bpor
_cBiblioteca Nacional de Agricultura
041 _a(Pt)
072 _aT01
_b/G514
090 _aT01 BR9400411
100 1 _aLacerda, L.D. de
111 1 _aSeminario Internacional sobre Meio Ambiente, Pobreza e Desenvolvimento da Amazonia
_cBelem, PA (Brazil)
_d16-19 Feb 1992
245 1 _aReservatorios artificiais na amazonia: fonte e deposito de contaminantes ambientais
260 3 _aBelem, PA (Brasil):
_c1992.
500 _aSeminario Internacional sobre Meio Ambiente, Pobreza e Desenvolvimento da Amazonia. SIMDAMAZONIA. Anais Belem, PA (Brasil): 1992. p. 79-81 (BR9400411-AM)T01
650 _aReservatorio de Agua
650 _aMercurio
650 _aContaminacao
650 _aPoluicao Ambiental
650 _aAmazonia
773 0 _tSeminario Internacional sobre Meio Ambiente, Pobreza e Desenvolvimento da Amazonia. SIMDAMAZONIA. Anais
_wT01 BR9400411
_gBelem, PA (Brasil), 1992. p. 79-81
909 _a202404
_bLucia
_c55
_dLucia Elande
942 _cAM
_2AGRIS
999 _c322734
_d322734